[Event "ch-LTU 2017"]
[Site "masterchessopen.com Vilnius LTU"]
[Date "2017.03.03"]
[Round "9.37"]
[White "Likatavicius,Rapolas"]
[Black "Balanda,Audrius"]
[Result "0-1"]
[WhiteElo "1417"]
[BlackElo "1635"]

1.d4 d5 2.Nf3 Nf6 3.Bf4 e6 4.e3 Bd6 5.Bg3 Qe7 6.c3 Nbd7 7.Nbd2 c5 8.Bd3 O-O
9.O-O b6 10.e4 Bxg3 11.hxg3 dxe4 12.Nxe4 Bb7 13.Re1 cxd4 14.Nxd4 Rfd8 15.Qe2
Rac8 16.Rad1 Nc5 17.Nxc5 Rxc5 18.Nb3 Rh5 19.Bc2 g6 20.Rxd8+ Qxd8 21.Nd2 Qd5
22.Ne4 Kg7 23.Rd1 Qf5 24.Nd6 Rh1+ 25.Kxh1 Qh3+ {#R} 0-1

[Event "ch-LTU 2017"]
[Site "masterchessopen.com Vilnius LTU"]
[Date "2017.03.03"]
[Round "9.38"]
[White "Motuza,Nedas"]
[Black "Girdziusas,Kestutis"]
[Result "1-0"]
[WhiteElo "1378"]
[BlackElo "1409"]

1.d4 Nf6 2.c4 g6 3.Nc3 Bg7 4.Bf4 O-O 5.h3 d6 6.e3 c5 7.Nf3 a6 8.Be2 Nbd7 9.O-O
Qe8 10.Qc2 Nh5 11.Bh2 f5 12.Nd5 Qd8 13.Rad1 Nhf6 14.Ng5 Nb6 15.Nf4 Qe8 16.Nge6
Qf7 17.Nxf8 Kxf8 18.dxc5 dxc5 19.Rd8+ Ne8 20.Rfd1 g5 21.Bh5 Bd7 22.Bxf7 Rxd8
23.Ne6+ Bxe6 24.Bxe6 Rxd1+ 25.Qxd1 Nd6 26.Bxd6 Bf6 27.Qh5 Kg7 28.Qf7+ Kh6
29.Bxf5 {#r} 1-0

[Event "ch-LTU 2017"]
[Site "masterchessopen.com Vilnius LTU"]
[Date "2017.03.03"]
[Round "9.40"]
[White "Danovski,Henryk"]
[Black "Skietrys,Eugenijus"]
[Result "0-1"]
[WhiteElo "1409"]
[BlackElo "1442"]

1.c4 Nf6 2.d4 e5 3.d5 Bc5 4.Bg5 Bxf2+ 5.Kxf2 Ng4+ 6.Ke1 Qxg5 7.Nf3 Qe3 8.Qd2
Qf2+ 9.Kd1 Ne3+ 10.Kc1 Nxf1 11.Rxf1 Qxf1+ 12.Kc2 d6 13.b3 Bf5+ 14.Kb2 Nd7
15.Nc3 Qf2 16.h3 e4 17.Nd4 e3 18.Qe1 Qf4 19.Nxf5 Qxf5 20.Qg3 Qe5 21.Qh4 g5
22.Qg4 h5 23.Qf3 {#R} 0-1

[Event "ch-PER 2017"]
[Site "masterchessopen.com Lima PER"]
[Date "2017.03.01"]
[Round "1.2"]
[White "Cruz,Cr"]
[Black "Palacios Llancari,Jose Wilfredo"]
[Result "1-0"]
[WhiteElo "2565"]
[BlackElo "1803"]

1.d4 Nf6 2.c4 g6 3.g3 Bg7 4.Bg2 d6 5.Nf3 Na6 6.O-O O-O 7.Nc3 c5 8.b3 Qa5 9.Bb2
cxd4 10.Nxd4 Qh5 11.Qd2 Bh6 12.e3 Nc5 13.Rfe1 Bh3 14.Bh1 Rac8 15.Rac1 Bf5
16.Nxf5 Qxf5 17.Rcd1 Rfe8 18.Qe2 Nfe4 19.Nxe4 Nxe4 20.Rd4 Nc5 21.Red1 Rc7
22.Bd5 Qc8 23.h4 Bg7 24.R4d2 Bxb2 25.Rxb2 a6 26.Kg2 h5 27.Bf3 Qe6 28.Rd5 Nd7
29.Rg5 Ne5 30.Bxh5 f6 31.Rxg6+ Nxg6 32.Bxg6 Rd8 33.Qh5 Rc5 34.Qh7+ Kf8 35.Qh6+
Kg8 36.Rd2 f5 37.Rd4 Qf6 38.Rf4 Qg7 39.Qh5 Qh8 40.Bf7+ Kg7 41.Qg6+ Kf8 42.Bd5
e6 43.Rxf5+ {#r} 1-0

[Event "ch-PER 2017"]
[Site "masterchessopen.com Lima PER"]
[Date "2017.03.01"]
[Round "1.3"]
[White "Marigorda,W"]
[Black "Vera Siguenas,D"]
[Result "0-1"]
[WhiteElo "1791"]
[BlackElo "2546"]

1.e4 e5 2.Nf3 Nc6 3.Bb5 a6 4.Bxc6 dxc6 5.O-O Bg4 6.h3 h5 7.d3 Qf6 8.Nbd2 Ne7
9.Re1 Ng6 10.Nf1 Bxf3 11.Qxf3 Qxf3 12.gxf3 Bd6 13.Ne3 Nh4 14.Rd1 Nxf3+ 15.Kg2
Nd4 16.c3 Ne6 17.Nf5 g6 18.Ng3 O-O-O 19.Ne2 Bc5 20.f4 f6 21.h4 Rd7 22.b4 Be7
23.Be3 Rhd8 24.d4 exd4 25.Nxd4 f5 26.e5 c5 27.bxc5 Nxc5 28.Kf3 Ne4 29.Rac1 c5
30.Rg1 cxd4 31.cxd4+ Kb8 32.Rxg6 Bb4 33.Rh6 Bd2 34.Rd1 Bxe3 35.Kxe3 Rg7 36.d5
Rg3+ 37.Kd4 Nc3 38.d6 Nxd1 39.Kd5 Ne3+ 40.Ke6 Ng2 41.Kxf5 Rf8+ 42.Rf6 Rxf6+
43.exf6 Nxh4+ 44.Ke6 Re3+ 45.Kf7 Nf5 {#R} 0-1

[Event "ch-PER 2017"]
[Site "masterchessopen.com Lima PER"]
[Date "2017.03.01"]
[Round "1.4"]
[White "Terry,R"]
[Black "Farfan,Gabriel"]
[Result "1-0"]
[WhiteElo "2454"]
[BlackElo "1781"]

1.d4 d5 2.Nf3 Nf6 3.c4 c6 4.e3 e6 5.Bd3 Nbd7 6.O-O Bd6 7.Nbd2 O-O 8.e4 dxe4
9.Nxe4 Nxe4 10.Bxe4 Nf6 11.Bc2 h6 12.b3 c5 13.Bb2 cxd4 14.Bxd4 Bc7 15.Qd3 Re8
16.Rfe1 b6 17.Rad1 Bb7 18.Ne5 Qe7 19.Ng4 Be4 20.Nxf6+ {#r} 1-0

[Event "ch-PER 2017"]
[Site "masterchessopen.com Lima PER"]
[Date "2017.03.01"]
[Round "1.5"]
[White "Bernales,Oscar"]
[Black "Cori T.,D"]
[Result "0-1"]
[WhiteElo "1780"]
[BlackElo "2422"]

1.c4 Nf6 2.Nc3 g6 3.Nf3 Bg7 4.g3 O-O 5.Bg2 c6 6.e4 d5 7.cxd5 cxd5 8.e5 Ne4
9.d4 Nc6 10.O-O Nxc3 11.bxc3 Na5 12.Bf4 Bf5 13.Nh4 Be6 14.Bd2 Qd7 15.f4 Nc4
16.Qc2 Rac8 17.Rf2 b5 18.Qd3 Rfd8 19.Raf1 Bf5 20.Nxf5 Qxf5 21.Qf3 Nxd2 22.Rxd2
Qd7 23.g4 e6 24.Bh3 Qe7 25.f5 Qg5 26.Rg2 Rf8 27.Kh1 Rc4 28.Rb2 a6 29.Kg2 gxf5
30.Kh1 f4 31.Rff2 Rfc8 32.Rb3 b4 33.Rxb4 Rxc3 34.Qxf4 Qxf4 35.Rxf4 Rxh3 36.Rb7
Rc2 37.Rfxf7 Rhxh2+ 38.Kg1 Bh6 39.g5 Rhg2+ 40.Kf1 Rxg5 41.Rxh7 Rh5 {#R} 0-1

[Event "ch-PER 2017"]
[Site "masterchessopen.com Lima PER"]
[Date "2017.03.01"]
[Round "1.8"]
[White "Cori Quispe,Kevin Joel"]
[Black "Garceran Izquierdo,Ruben"]
[Result "1-0"]
[WhiteElo "2373"]
[BlackElo "1745"]

1.e4 c6 2.d4 d5 3.e5 Bf5 4.g4 Be6 5.h4 Nd7 6.Nh3 Qc7 7.Nf4 g6 8.h5 gxh5 9.Nxe6
fxe6 10.g5 O-O-O 11.Bh3 Nxe5 12.dxe5 Qxe5+ 13.Qe2 Qxe2+ 14.Kxe2 Kd7 15.Bg2 Bg7
16.Rxh5 e5 17.Nc3 e6 18.Bd2 Ne7 19.Rah1 Nf5 20.Rxh7 Ke7 21.Nd1 Rxh7 22.Rxh7
Rh8 23.Rxh8 Bxh8 24.c3 Kf7 25.Ne3 Nh4 26.Bh3 Ng6 27.Ng4 Bg7 28.Nh6+ Ke7 29.Bg4
c5 30.Ng8+ Kd6 31.Nf6 Ke7 32.Nh5 Bh8 33.f4 exf4 34.Bxf4 e5 35.Bh2 b5 36.Bf5
Nh4 37.Bd3 c4 38.Bh7 Kf7 39.Ng3 Kg7 40.Nf5+ Kxh7 41.Nxh4 e4 42.g6+ Kh6 43.g7
Bxg7 44.Nf5+ Kg6 45.Nxg7 Kxg7 46.Ke3 {#r} 1-0

[Event "ch-PER 2017"]
[Site "masterchessopen.com Lima PER"]
[Date "2017.03.01"]
[Round "1.9"]
[White "Ochochoque Hernandez,Julio"]
[Black "Cuellar,Di"]
[Result "0-1"]
[WhiteElo "1740"]
[BlackElo "2346"]

1.Nf3 Nf6 2.d4 d5 3.g3 Bf5 4.Bg2 e6 5.c4 c6 6.Qb3 Qb6 7.Nbd2 Nbd7 8.Nh4 Bg4
9.h3 Bh5 10.g4 Bg6 11.Nxg6 hxg6 12.e3 Qc7 13.Qc2 Rc8 14.b3 dxc4 15.bxc4 c5
16.d5 exd5 17.cxd5 c4 18.O-O Nxg4 19.Qe4+ Nge5 20.Bb2 f5 21.Bxe5 Nxe5 22.Qd4
Bc5 23.Qc3 b5 24.Rab1 b4 25.Rxb4 Bxb4 26.Qxb4 Nd3 27.Qa3 Qc5 28.Qa4+ Ke7
29.Qa6 Qb6 30.Qa3+ Qd6 31.Qxa7+ Kf6 32.Qd4+ Qe5 33.Qb6+ Kf7 34.Rb1 Rhd8
35.Nxc4 Qf6 36.d6 Kf8 37.Qa6 Qh4 38.Qa7 Rxc4 39.Bd5 Ne5 40.Bxc4 Nxc4 41.Qc7
Nxd6 42.a4 Ne4 43.Qc2 Nd2 44.Qc5+ Kg8 {#R} 0-1

[Event "ch-PER 2017"]
[Site "masterchessopen.com Lima PER"]
[Date "2017.03.01"]
[Round "1.11"]
[White "Ccerhuayo Escobedo,Mels Leopold"]
[Black "Principe,A"]
[Result "0-1"]
[WhiteElo "1705"]
[BlackElo "2299"]

1.e4 e6 2.d4 d5 3.Nc3 Bb4 4.e5 c5 5.a3 Bxc3+ 6.bxc3 Ne7 7.Nf3 Bd7 8.h4 Ba4
9.Rb1 Qc7 10.Bb5+ Bxb5 11.Rxb5 Nd7 12.Be3 b6 13.dxc5 bxc5 14.Qb1 O-O 15.Rb7
Rfb8 16.Rxc7 Rxb1+ 17.Ke2 Rxh1 18.Rxd7 Nf5 19.Bxc5 Nxh4 20.Ng5 Nxg2 21.Nxf7
Nf4+ 22.Ke3 Ng6 23.f4 Rh3+ 24.Kd2 Nxf4 25.Ng5 Rg3 26.Nf7 h5 27.Nd8 h4 28.Bf2
Rg2 29.Ke3 h3 30.Kxf4 h2 {#R} 0-1

[Event "ch-PER 2017"]
[Site "masterchessopen.com Lima PER"]
[Date "2017.03.01"]
[Round "1.13"]
[White "Guerrero Malpartida,Luis Carlos"]
[Black "Requejo,O"]
[Result "0-1"]
[WhiteElo "1689"]
[BlackElo "2254"]

1.e4 d5 2.exd5 Nf6 3.d4 Qxd5 4.Nf3 Bg4 5.Be2 Nc6 6.Nc3 Qh5 7.Bf4 O-O-O 8.O-O
Qf5 9.Be3 e5 10.d5 Bb4 11.Qc1 Nxd5 12.Nxd5 Rxd5 13.c3 Be7 14.b4 e4 15.Nd4 Nxd4
16.Bxg4 Qxg4 17.Bxd4 Bf6 18.Qa3 Bxd4 19.cxd4 Kb8 20.Rac1 Qd7 21.Qb3 Rxd4 22.a4
f5 23.a5 a6 24.Rc5 Rd3 25.Qc2 Rd8 26.h3 g6 27.Qc4 Rd1 28.b5 Rxf1+ 29.Qxf1 axb5
30.Rxb5 Qd3 31.Re5 Rd7 32.Qa1 Ka7 33.g3 Qd1+ 34.Qxd1 Rxd1+ 35.Kg2 Rd7 36.g4
fxg4 37.hxg4 Ka6 38.Kg3 Rf7 39.g5 c6 40.Rxe4 Kxa5 41.f4 b5 42.Re6 Rc7 43.Kf3
c5 44.Ke3 Rd7 {#R} 0-1

[Event "ch-PER 2017"]
[Site "masterchessopen.com Lima PER"]
[Date "2017.03.01"]
[Round "1.14"]
[White "Pena Morales,H"]
[Black "Collado,Victor"]
[Result "1-0"]
[WhiteElo "2241"]
[BlackElo "1668"]

1.e4 Nf6 2.Nc3 e5 3.Nf3 Nc6 4.d4 Bb4 5.Nxe5 Nxe4 6.Qg4 d5 7.Qxg7 Qf6 8.Qxf6
Bxc3+ 9.bxc3 Nxf6 10.Nxc6 bxc6 11.Bd3 Be6 12.Bf4 Rg8 13.Bxc7 Ne4 14.c4 Rxg2
15.Bg3 Bh3 16.Bf1 Ng5 17.O-O-O Nf3 18.Kb2 f5 19.Rd3 Rg1 20.Bxh3 Rxh1 21.Rxf3
dxc4 22.Rxf5 Rd8 23.Bg2 Rd1 24.Bxc6+ {#r} 1-0

[Event "ch-PER 2017"]
[Site "masterchessopen.com Lima PER"]
[Date "2017.03.01"]
[Round "1.16"]
[White "Pacheco,G"]
[Black "Espinal Valles Alfredo Enmanuel"]
[Result "1-0"]
[WhiteElo "2224"]
[BlackElo "1636"]

1.Nf3 d5 2.d4 e6 3.c4 f5 4.Bf4 Nf6 5.e3 c6 6.Bd3 Bd6 7.Bxd6 Qxd6 8.O-O O-O
9.c5 Qe7 10.Ne5 Nbd7 11.f4 Nxe5 12.fxe5 Ng4 13.Qe2 Qg5 14.Rf4 Qh4 15.h3 g5
16.Rf1 Nh6 17.Nd2 Bd7 18.Qf2 Qh5 19.Qg3 Kh8 20.b4 Rg8 21.a4 Raf8 22.Kh1 f4
23.exf4 gxf4 24.Qh2 Nf5 25.Bxf5 Qxf5 26.g4 fxg3 27.Rxf5 gxh2 28.Rxf8 Rxf8
29.Rf1 Rxf1+ 30.Nxf1 Kg7 31.Kxh2 Kg6 32.Ne3 b6 33.cxb6 axb6 34.a5 bxa5 35.bxa5
c5 36.dxc5 d4 37.Nc2 Kf5 38.Nxd4+ Kxe5 39.c6 Bc8 40.Nb5 Ba6 41.c7 Kd5 42.Na7
Kc5 43.c8=Q+ Bxc8 44.Nxc8 Kb5 45.Kg3 Kxa5 46.Kf4 Kb5 47.Ke5 Kc4 48.h4 {#r} 1-0

[Event "ch-PER 2017"]
[Site "masterchessopen.com Lima PER"]
[Date "2017.03.01"]
[Round "1.17"]
[White "Araoz Andrade,Ivan Alexander"]
[Black "Rengifo Blancas,Renzo Jhonathan"]
[Result "0-1"]
[WhiteElo "1624"]
[BlackElo "2221"]

1.d4 d5 2.c4 c6 3.Nc3 e5 4.dxe5 d4 5.Ne4 Qa5+ 6.Bd2 Qxe5 7.Ng3 c5 8.Nf3 Qc7
9.e3 Nc6 10.Bd3 Nf6 11.O-O dxe3 12.Re1 Be6 13.Bxe3 O-O-O 14.Qe2 h5 15.h3 Ne5
16.Nxe5 Qxe5 17.Qc2 h4 18.Nf1 g5 19.Bd2 Qd6 20.Bxg5 Qxd3 21.Qxd3 Rxd3 22.Bxf6
Rh6 23.Bg5 Rh5 24.Bf4 Bg7 25.Rab1 Rd4 26.Be3 Rxc4 27.b3 Rc2 28.Rbc1 Rxa2
29.Bxc5 Kd7 30.Red1+ Rd5 31.Ne3 Rxd1+ 32.Rxd1+ Kc6 33.Rc1 Kb5 34.Be7 Ra1
35.Rxa1 Bxa1 36.Bxh4 Bxb3 37.Be7 Bb2 38.Nf5 a5 39.Nd6+ Kc6 40.Ne4 Bc2 41.Nd2
b5 42.Kf1 a4 43.Nf3 Kd7 44.Bb4 a3 45.Bxa3 Bxa3 46.Ke2 Bb2 {#R} 0-1

[Event "ch-PER 2017"]
[Site "masterchessopen.com Lima PER"]
[Date "2017.03.01"]
[Round "1.18"]
[White "Delgado Romero,Marco"]
[Black "Anicama Orcon,Richard"]
[Result "1-0"]
[WhiteElo "2186"]
[BlackElo "1580"]

1.e4 e5 2.Nf3 Nc6 3.Bb5 Bc5 4.c3 d6 5.O-O Bg4 6.d4 exd4 7.cxd4 Bb4 8.a3 Ba5
9.b4 Bb6 10.d5 Bxf3 11.gxf3 a6 12.Ba4 Ne7 13.dxc6 bxc6 14.Be3 O-O 15.Bxb6 cxb6
16.Nc3 Ng6 17.Qd2 Qf6 18.Ne2 Nh4 19.Qf4 Nxf3+ 20.Kg2 Qxf4 21.Nxf4 b5 22.Bb3
Nd2 23.Rfd1 Nxb3 24.Rab1 Nc5 25.bxc5 dxc5 26.Rd6 Rac8 27.Nd3 Rfd8 28.Rxd8+
Rxd8 29.Nxc5 a5 30.Nb3 b4 31.a4 Ra8 32.Rc1 Ra6 33.Rc5 Kf8 34.Kf3 Ke7 35.Ke3 f6
36.Kd4 {#r} 1-0

[Event "ch-PER 2017"]
[Site "masterchessopen.com Lima PER"]
[Date "2017.03.01"]
[Round "1.21"]
[White "Francia Arzapalo,Piero Hernando"]
[Black "Aguilar,V"]
[Result "0-1"]
[WhiteElo "1556"]
[BlackElo "2179"]

1.d4 c5 2.d5 e5 3.e4 d6 4.c4 Be7 5.Nf3 Nf6 6.Nc3 O-O 7.Be2 Ne8 8.O-O f5 9.a4
Nf6 10.Bd3 f4 11.Ne1 g5 12.Be2 g4 13.f3 h5 14.Nd3 Rf7 15.Bd2 Rg7 16.Be1 Nbd7
17.Bh4 Nf8 18.Nf2 gxf3 19.Bxf3 Ng4 20.Bxe7 Qxe7 21.Bxg4 hxg4 22.Nd3 Qh4 23.Qe1
g3 24.hxg3 fxg3 25.Rf3 Qh2+ 26.Kf1 Bg4 27.Qe3 Bxf3 28.Qg1 Bxg2+ 29.Ke2 Bxe4+
30.Qxh2 Bxd3+ 31.Kxd3 gxh2 {#R} 0-1

[Event "ch-PER 2017"]
[Site "masterchessopen.com Lima PER"]
[Date "2017.03.01"]
[Round "1.22"]
[White "Robledo,M"]
[Black "Salazar Sanchez,Josue"]
[Result "1-0"]
[WhiteElo "2173"]
[BlackElo "1555"]

1.d4 d5 2.c4 e6 3.Nc3 Nf6 4.cxd5 exd5 5.Bg5 c6 6.e3 h6 7.Bh4 Bf5 8.Qf3 Qd7
9.Bxf6 gxf6 10.h3 h5 11.Nge2 Bd6 12.Nf4 h4 13.Nh5 Ke7 14.O-O-O Rg8 15.Bd3 Rg5
16.e4 dxe4 17.Nxe4 Rxh5 18.Qxh5 Bf4+ 19.Kb1 Qd5 20.Rhe1 Be6 21.Qxd5 cxd5
22.Nc5 Nc6 23.Bf5 Nxd4 24.Rxd4 Be5 25.Nxe6 fxe6 26.Rxh4 exf5 27.f4 Rg8 28.fxe5
Rxg2 29.e6 Rg7 30.Rd4 Kd6 31.e7 Rxe7 32.Rxe7 Kxe7 33.Rxd5 Ke6 34.Rb5 b6 35.Kc2
f4 36.Kd3 f5 37.Ke2 Kf6 38.h4 Kg6 39.Kf3 {#r} 1-0

[Event "ch-PER 2017"]
[Site "masterchessopen.com Lima PER"]
[Date "2017.03.01"]
[Round "1.23"]
[White "Perez,Hernan"]
[Black "Fernandez Perez,J"]
[Result "0-1"]
[WhiteElo "1542"]
[BlackElo "2160"]

1.d4 Nf6 2.c4 e6 3.Nf3 b6 4.Nc3 Bb7 5.Bg5 Be7 6.e3 O-O 7.Bd3 c5 8.O-O cxd4
9.Nxd4 Na6 10.Bxf6 Bxf6 11.Be4 Nc5 12.Bxb7 Nxb7 13.Ne4 Be7 14.a3 Nc5 15.Qc2
Rc8 16.Rac1 d5 17.Nxc5 bxc5 18.Nf3 Qb6 19.Ne5 Rfd8 20.Nf3 Bf6 21.Rb1 g6 22.b3
Qa6 23.Qa2 dxc4 24.bxc4 Rd3 25.a4 Rcd8 26.Rb5 Rd1 27.h3 Rxf1+ 28.Kxf1 Rd1+
29.Ke2 Ra1 30.Qb3 Rxa4 31.Rxc5 Ra2+ 32.Kf1 Rb2 33.Qd1 Qa2 34.Ne1 Rxf2+ 35.Kg1
Rd2 36.Qf3 Qa1 37.Kf1 Rd1 38.Qf2 Bc3 39.Ke2 Rd2+ 40.Kf3 Rxf2+ 41.Kxf2 Qxe1+
42.Kf3 Qd1+ 43.Kf2 Be1+ 44.Kf1 Bg3# 0-1

[Event "ch-PER 2017"]
[Site "masterchessopen.com Lima PER"]
[Date "2017.03.01"]
[Round "1.25"]
[White "Vilca Torres,Ludwing Wily"]
[Black "Gomez Caceres,J"]
[Result "0-1"]
[WhiteElo "1524"]
[BlackElo "2115"]

1.e4 d5 2.exd5 Qxd5 3.Nc3 Qd8 4.d4 Bf5 5.Nf3 Nf6 6.Bf4 c6 7.Bc4 e6 8.a3 Nbd7
9.O-O Nb6 10.Bb3 Bd6 11.Qd2 O-O 12.h3 a5 13.Nh4 Bxf4 14.Qxf4 Nh5 15.Qf3 Qxh4
16.g4 Bg6 17.gxh5 Bxh5 18.Qe3 Rad8 19.f4 Qf6 20.d5 Nxd5 21.Bxd5 exd5 22.Qb6 d4
23.Nd1 Qg6+ 24.Kh2 Qxc2+ 25.Rf2 Qd3 26.Qxa5 Bxd1 27.Rd2 Qe3 28.Raxd1 Qxf4+
29.Kg1 Rd5 30.Qb6 Rg5+ 31.Rg2 Qe3+ 32.Kh1 Qxh3+ {#R} 0-1

[Event "ch-PER 2017"]
[Site "masterchessopen.com Lima PER"]
[Date "2017.03.01"]
[Round "1.26"]
[White "Izquierdo,Elias Alberto"]
[Black "Perez,Sebastian"]
[Result "1-0"]
[WhiteElo "2108"]
[BlackElo "1510"]

1.d4 Nf6 2.Bg5 e6 3.e4 Be7 4.e5 Nd5 5.Bxe7 Qxe7 6.c4 Nb6 7.Nc3 Nc6 8.Nf3 d6
9.Bd3 dxe5 10.dxe5 O-O 11.Qe2 f5 12.exf6 Qxf6 13.O-O e5 14.c5 Nd7 15.Nd5 Qd8
16.Rad1 Nxc5 17.Bc4 Kh8 18.Nb6 Qe7 19.Nxa8 Bg4 20.Bd5 e4 21.Bxc6 bxc6 22.Qe3
Bxf3 23.gxf3 Rxf3 24.Qd4 Qg5+ 25.Kh1 Rd3 26.Rxd3 exd3 27.b4 Ne6 28.Qxd3 Nf4
29.Qf3 Qb5 30.Re1 h6 31.Qxf4 Qd5+ 32.f3 Qxa2 33.Re8+ {#r} 1-0

[Event "ch-PER 2017"]
[Site "masterchessopen.com Lima PER"]
[Date "2017.03.01"]
[Round "1.30"]
[White "Pizzardo,S"]
[Black "Lazaro Cuevas,Ronald Anthony"]
[Result "1-0"]
[WhiteElo "2042"]
[BlackElo "1487"]

1.e4 e5 2.Nf3 Nc6 3.Bb5 f5 4.exf5 e4 5.Qe2 Qe7 6.Bxc6 dxc6 7.Nd4 Nf6 8.Nc3 a6
9.O-O c5 10.Ne6 Bxe6 11.fxe6 Qxe6 12.d3 O-O-O 13.dxe4 Bd6 14.f4 Be7 15.Bd2 h5
16.Rae1 h4 17.f5 Qc6 18.e5 Nd5 19.Qe4 h3 20.g3 Nb4 21.Qxc6 Nxc6 22.Bc1 Nd4
23.Re4 Nxc2 24.Rg4 Rhg8 25.Bg5 Bxg5 26.Rxg5 Rde8 27.e6 b6 28.Rg6 Ref8 29.g4
Kd8 30.Ne4 Nd4 31.Ng5 Rf6 32.Nf7+ Ke7 33.Nh6 gxh6 34.Rxg8 h5 35.gxh5 Rxf5
36.Rxf5 Nxf5 37.Rg6 Nh4 38.Rg7+ Kxe6 39.h6 {#r} 1-0

[Event "ch-PER 2017"]
[Site "masterchessopen.com Lima PER"]
[Date "2017.03.01"]
[Round "1.31"]
[White "Arevalo Perez,Luis Alexander"]
[Black "Suasnabar,J"]
[Result "0-1"]
[WhiteElo "1458"]
[BlackElo "2023"]

1.e4 c5 2.Nf3 e6 3.d4 cxd4 4.Nxd4 a6 5.Be2 Nf6 6.Nc3 Qc7 7.O-O Be7 8.Kh1 O-O
9.f4 d6 10.Be3 Nc6 11.a3 Bd7 12.Bf3 Nxd4 13.Bxd4 Bc6 14.e5 Nd7 15.exd6 Bxd6
16.g3 e5 17.fxe5 Bxe5 18.Bxe5 Nxe5 19.Bxc6 Qxc6+ 20.Qd5 Rfd8 21.Qxc6 Nxc6
22.Rad1 Rd4 23.Kg2 Rad8 24.Rxd4 Rxd4 25.Rd1 Kf8 26.Kf2 Ke7 27.Rxd4 Nxd4
28.Nd5+ Kd6 29.Ne3 g6 30.c4 f5 31.b4 g5 32.c5+ Kc6 33.a4 a5 {#R} 0-1

[Event "ch-PER 2017"]
[Site "masterchessopen.com Lima PER"]
[Date "2017.03.01"]
[Round "1.32"]
[White "Enriquez,M"]
[Black "Aguilar Gutierrez,Cesar Aleazar"]
[Result "1-0"]
[WhiteElo "2020"]
[BlackElo "1451"]

1.d4 e6 2.e3 d6 3.Bd3 Nf6 4.f4 g6 5.Nf3 Bh6 6.O-O Nc6 7.c3 Qe7 8.e4 Bg7 9.b3
Bd7 10.a4 a5 11.Na3 Na7 12.Qe2 O-O 13.Bb2 Bh6 14.g3 Nh5 15.Rae1 f6 16.Nc2 e5
17.f5 gxf5 18.exf5 Rae8 19.c4 Nc6 20.Qg2 Kh8 21.Qh3 Qf7 22.Kh1 Rg8 23.Be4 Ne7
24.dxe5 dxe5 25.g4 Nf4 26.Qxh6 Rxg4 27.Nxe5 fxe5 28.Bxe5+ Kg8 29.Rxf4 Bxf5
30.Bxf5 Rxf4 31.Be6 {#r} 1-0

[Event "ch-PER 2017"]
[Site "masterchessopen.com Lima PER"]
[Date "2017.03.01"]
[Round "1.33"]
[White "Caja Ramirez,Angelo Gregory"]
[Black "Rojas,Steven"]
[Result "0-1"]
[WhiteElo "1404"]
[BlackElo "2002"]

1.e4 c5 2.Nc3 Nc6 3.Bb5 Nd4 4.Bc4 g6 5.f4 Bg7 6.Nf3 e6 7.d3 Ne7 8.e5 d5 9.exd6
Qxd6 10.Ne4 Qc7 11.c3 Nxf3+ 12.Qxf3 O-O 13.O-O Rb8 14.Be3 b5 15.Bb3 Bb7 16.Qh3
c4 17.Bc2 cxd3 18.Bxd3 Rbd8 19.Bc2 Nd5 20.Rad1 Nxe3 21.Qxe3 Bd5 22.a3 a5
23.Rf2 b4 24.axb4 axb4 25.cxb4 Bxe4 26.Qxe4 Rxd1+ 27.Bxd1 Qa7 28.Kh1 Qxf2 {#R}
0-1

[Event "ch-PER 2017"]
[Site "masterchessopen.com Lima PER"]
[Date "2017.03.01"]
[Round "1.34"]
[White "Flores Quillas,Diego Saul Rodri"]
[Black "Varillas Jimenez,Ivan"]
[Result "1-0"]
[WhiteElo "1999"]
[BlackElo "1397"]

1.e4 c5 2.Nf3 d6 3.d4 cxd4 4.Nxd4 Nf6 5.Nc3 a6 6.Bg5 e6 7.Qe2 Be7 8.f4 h6
9.Bh4 Nxe4 10.Bxe7 Nxc3 11.Qc4 Kxe7 12.Qxc3 Re8 13.O-O-O Kf8 14.Nf3 Kg8 15.Kb1
Qe7 16.Qd3 d5 17.Be2 Nd7 18.g4 Nc5 19.Qe3 Ne4 20.h4 Qc5 21.Nd4 e5 22.fxe5 Rxe5
23.g5 hxg5 24.hxg5 Rxg5 25.Bf3 Rg3 26.Qf4 Qd6 27.Qh4 Kf8 28.Bxe4 dxe4 29.Nf5
{#r} 1-0

[Event "ch-PER 2017"]
[Site "masterchessopen.com Lima PER"]
[Date "2017.03.01"]
[Round "1.35"]
[White "Sumi,Diego"]
[Black "Lemos,Jos"]
[Result "0-1"]
[WhiteElo "1466"]
[BlackElo "1994"]

1.e4 c5 2.Nf3 Nc6 3.d4 cxd4 4.Nxd4 e5 5.Nb5 d6 6.N1c3 a6 7.Na3 b5 8.Nd5 Nge7
9.Be3 Nxd5 10.exd5 Ne7 11.c4 Nf5 12.Bd2 g6 13.cxb5 Bg7 14.Bd3 e4 15.Bxe4 O-O
16.Qc2 Nd4 17.Qd3 f5 18.Bf3 Re8+ 19.Kf1 Nxf3 20.Qxf3 Bxb2 21.Rb1 Bd4 22.g3
axb5 23.Nxb5 Rxa2 24.Nxd4 Rxd2 25.Nc6 Qf6 26.Kg2 Ba6 27.Rhe1 Rde2 28.Rxe2 Bxe2
29.Qf4 g5 30.Qd4 Qh6 31.Rb7 g4 32.Qc3 Bf3+ 33.Kg1 Qf6 34.Qa5 f4 35.gxf4 Qxf4
36.Qc3 Qf6 37.Qa5 Qg5 38.Qc3 Bxd5 39.Rc7 Qf6 40.Qd2 Qa1+ {#R} 0-1

[Event "ch-PER 2017"]
[Site "masterchessopen.com Lima PER"]
[Date "2017.03.01"]
[Round "1.36"]
[White "Villanueva Orrego Martin Williams"]
[Black "Espinoza Pacheco,Aldryn Leo"]
[Result "0-1"]
[WhiteElo "1364"]
[BlackElo "1989"]

1.e4 c5 2.Nf3 e6 3.c3 Nf6 4.e5 Nd5 5.d4 cxd4 6.cxd4 d6 7.Nc3 Nxc3 8.bxc3 Nc6
9.exd6 Bxd6 10.Be2 O-O 11.O-O Qc7 12.Be3 b6 13.c4 Rd8 14.d5 Ne7 15.Rc1 Nf5
16.Qd2 Nxe3 17.Qxe3 Bf4 18.Qe4 Bxc1 19.d6 Qb7 20.Qxb7 Bxb7 21.Rxc1 Rxd6 22.Rc2
Rad8 23.h3 Bxf3 24.Bxf3 Rd2 25.Rxd2 Rxd2 26.a4 Rc2 27.Bc6 Rxc4 28.Bb5 Rc1+
29.Kh2 Kf8 30.f3 Ke7 31.g4 g5 32.Kg3 Rg1+ 33.Kh2 Rb1 34.Bd3 Rb4 35.Bb5 a6
36.Bxa6 Rxa4 37.Bd3 Ra3 {#R} 0-1

[Event "ch-PER 2017"]
[Site "masterchessopen.com Lima PER"]
[Date "2017.03.01"]
[Round "1.37"]
[White "Flores Tomasto,Luis"]
[Black "Guillen Vilca,John"]
[Result "1-0"]
[WhiteElo "1974"]
[BlackElo "1363"]

1.e4 c5 2.Nf3 d6 3.d4 cxd4 4.Nxd4 Nf6 5.Nc3 g6 6.Be3 Bg7 7.f3 O-O 8.Qd2 Nc6
9.O-O-O Bd7 10.g4 a6 11.h4 h5 12.g5 Ne8 13.f4 Nxd4 14.Bxd4 Bxd4 15.Qxd4 Bg4
16.Be2 Bxe2 17.Nxe2 Qa5 18.Kb1 Nc7 19.Rhf1 Ne6 20.Qe3 Rad8 21.f5 Nc5 22.Nf4
Qb5 23.Rf3 Kh7 24.Rdf1 Rg8 25.Nd5 Na4 26.b3 Rd7 27.fxg6+ fxg6 28.Rf7+ Rg7
29.Qd4 e5 {#r} 1-0

[Event "ch-PER 2017"]
[Site "masterchessopen.com Lima PER"]
[Date "2017.03.01"]
[Round "1.38"]
[White "Travezano Patino,Eduard Gedeon"]
[Black "De La Cruz,Jonathan"]
[Result "0-1"]
[WhiteElo "1346"]
[BlackElo "1969"]

1.e4 e5 2.Nf3 Nc6 3.Bc4 Bc5 4.O-O Nf6 5.d3 O-O 6.c3 d6 7.h3 h6 8.Re1 a6 9.Bb3
Ba7 10.Nbd2 Nd7 11.Nf1 Nc5 12.Bc2 f5 13.Ng3 f4 14.Nf1 Ne6 15.b3 Ng5 16.Bb2
Bxh3 17.N1h2 Nxf3+ 18.Qxf3 Bd7 19.Rad1 Qg5 20.d4 Qf6 21.Ba1 exd4 22.cxd4 Bxd4
23.Ng4 Bxg4 24.Qxg4 Bxa1 25.Rxa1 Ne5 26.Qh3 f3 27.g3 Rae8 28.Rac1 Qg5 29.b4
Kh8 30.Kh2 Ng4+ 31.Kg1 Re5 32.Bd3 Nxf2 33.Kxf2 Qd2+ 34.Be2 fxe2+ 35.Kg1 Qe3+
36.Kh2 Rf2+ 37.Kh1 Qf3+ 38.Kg1 Rg5 39.Qc8+ Kh7 40.g4 {#R} 0-1

[Event "ch-PER 2017"]
[Site "masterchessopen.com Lima PER"]
[Date "2017.03.01"]
[Round "1.41"]
[White "Estrada Zeta,Erick"]
[Black "Tomey,Hidetoshi"]
[Result "1-0"]
[WhiteElo "1933"]
[BlackElo "1279"]

1.e4 e6 2.d4 d5 3.Bd3 c5 4.c3 Nc6 5.Ne2 Qb6 6.O-O Nf6 7.exd5 exd5 8.h3 Bd6
9.dxc5 Bxc5 10.b4 Bd6 11.Be3 Qc7 12.Nd4 Bh2+ 13.Kh1 Bd6 14.Re1 O-O 15.Nb5 Qd7
16.Nxd6 d4 17.Bf4 Nh5 18.Qxh5 h6 19.Bxh6 g6 20.Qd5 Ne7 21.Qe5 f6 22.Qxe7 Rd8
23.Bc4+ Kh8 24.Qxf6+ Kh7 25.Bf7 Rg8 26.Bxg8+ Kxg8 27.Re8+ Kh7 28.Rh8# 1-0